| 000 | 00898nam a2200217 i 4500 | ||
|---|---|---|---|
| 001 | 152489 | ||
| 003 | ES-MaACL | ||
| 005 | 20251003185624.0 | ||
| 008 | 931025s1843 sp |||| | spa d | ||
| 100 | 1 |
_aBouchardy, Joseph. _9126100 |
|
| 245 | 1 | 0 |
_aVicente de Paul ó Los espositos _b: drama en tres actos y en prosa / _cescrito en frances por Bouchardy y traducido por Isidoro Gil. |
| 260 |
_aMadrid : _b[Manuel Delgado], _c1843 ( _fImprenta de Yenes) |
||
| 300 |
_a40 p. ; _c17 cm. |
||
| 490 | 1 | _aGaleria dramatica | |
| 594 | _aEditor tomado de la cub. | ||
| 700 | 1 |
_aGil y Baus, Isidoro, _d1814-1866 _956736 |
|
| 830 | 0 |
_aGaleria dramatica _9186796 |
|
| 852 |
_aES-MaACL _jF-8630(7) _z-- Enc. pasta española, falto de la cub. original _z-- Enc. en un vol. facticio formando parte de la col. facticia "Teatro español moderno", vol. 85 |
||
| 999 |
_c152489 _d152489 |
||